| 000 | 01235cam a2200361 i 4500 | ||
|---|---|---|---|
| 999 |
_c1079 _d1079 |
||
| 001 | 18947464 | ||
| 003 | OSt | ||
| 005 | 20210528105220.0 | ||
| 008 | 160125s2017 nyu c 000 1 eng | ||
| 010 | _a 2015040525 | ||
| 020 | _a9780553536096 (paperback) | ||
| 040 |
_aDLC _beng _cKH8 _erda _dKH8 |
||
| 042 |
_apcc _alcac |
||
| 082 | _aFIC GRA | ||
| 100 | 1 |
_aGrabenstein, Chris, _eauthor. |
|
| 245 | 1 | 0 |
_aMr. Lemoncello's great library race / _cChris Grabenstein. |
| 250 | _aFirst edition. | ||
| 264 | 1 |
_aNew York : _bRandom House, _c[2017] |
|
| 300 |
_a279 pages ; _bill. ; _c22 cm |
||
| 336 |
_atext _2rdacontent |
||
| 337 |
_aunmediated _2rdamedia |
||
| 338 |
_avolume _2rdacarrier |
||
| 440 |
_aMr. Lemoncello's Library ; _n3. |
||
| 500 | _aSequel to: Mr. Lemoncello's Library Olympics. | ||
| 520 |
_a"Mr. Lemoncello holds a contest for his young friends where they must race to bring interesting facts back to his library"-- _cProvided by publisher. |
||
| 521 | _aAges 8-12. | ||
| 650 | 1 |
_aLibraries _vFiction. |
|
| 650 | 1 |
_aContests _vFiction. |
|
| 650 | 1 |
_aBooks and reading _vFiction. |
|
| 650 | 1 |
_aEccentrics and eccentricities _vFiction. |
|
| 906 |
_a7 _bcbc _corignew _d1 _eecip _f20 _gy-gencatlg |
||
| 942 |
_2ddc _cFIC |
||